Muon beam channeling in a laser standing wave; Nuclear Instruments and Methods in Physics Research Section B: Beam Interactions with Materials and Atoms; Vol. 402

書誌詳細
Parent link:Nuclear Instruments and Methods in Physics Research Section B: Beam Interactions with Materials and Atoms.— , 1984-
Vol. 402.— 2017.— [P. 223-227]
第一著者: Babaev A. A. Anton Anatoljevich
団体著者: Национальный исследовательский Томский политехнический университет (ТПУ) Управление проректора по научной работе и инновациям (НРиИ) Центр RASA в Томске Лаборатория разработки источников электромагнитного излучения (Лаб. РИЭИ)
その他の著者: Dabagov S. B. Sultan Barasbievich
要約:Title screen
The problem of muon channeling in a standing wave lattice formed by electromagnetic waves is considered. The charged particles motion in a specific electromagnetic field can undergo the features similar to those well-known at the particles channeling in crystals. In this work the muon beam phase space evolution at the wave channeling is evaluated to analyze the feasibility of a beam shaping. The shaping examples have been considered.
Режим доступа: по договору с организацией-держателем ресурса
言語:英語
出版事項: 2017
主題:
オンライン・アクセス:https://doi.org/10.1016/j.nimb.2017.03.122
フォーマット: 電子媒体 図書の章
KOHA link:https://koha.lib.tpu.ru/cgi-bin/koha/opac-detail.pl?biblionumber=655228

MARC

LEADER 00000naa0a2200000 4500
001 655228
005 20250522161102.0
035 |a (RuTPU)RU\TPU\network\21155 
090 |a 655228 
100 |a 20170810d2017 k||y0rusy50 ba 
101 0 |a eng 
102 |a NL 
135 |a drcn ---uucaa 
181 0 |a i  
182 0 |a b 
200 1 |a Muon beam channeling in a laser standing wave  |f A. A. Babaev, S. B. Dabagov 
203 |a Text  |c electronic 
300 |a Title screen 
320 |a [References: p. 227 (11 tit.)] 
330 |a The problem of muon channeling in a standing wave lattice formed by electromagnetic waves is considered. The charged particles motion in a specific electromagnetic field can undergo the features similar to those well-known at the particles channeling in crystals. In this work the muon beam phase space evolution at the wave channeling is evaluated to analyze the feasibility of a beam shaping. The shaping examples have been considered. 
333 |a Режим доступа: по договору с организацией-держателем ресурса 
461 |t Nuclear Instruments and Methods in Physics Research Section B: Beam Interactions with Materials and Atoms  |d 1984- 
463 |t Vol. 402  |v [P. 223-227]  |d 2017 
610 1 |a электронный ресурс 
610 1 |a труды учёных ТПУ 
610 1 |a электронные пучки 
610 1 |a мюоны 
610 1 |a пучки лучей 
610 1 |a стоячие волны 
700 1 |a Babaev  |b A. A.  |c physicist  |c engineer-issledovatelskogo Polytechnic University, candidate of physical and mathematical Sciences  |f 1981-  |g Anton Anatoljevich  |3 (RuTPU)RU\TPU\pers\35154  |9 18420 
701 1 |a Dabagov  |b S. B.  |g Sultan Barasbievich 
712 0 2 |a Национальный исследовательский Томский политехнический университет (ТПУ)  |b Управление проректора по научной работе и инновациям (НРиИ)  |b Центр RASA в Томске  |b Лаборатория разработки источников электромагнитного излучения (Лаб. РИЭИ)  |3 (RuTPU)RU\TPU\col\22879 
801 2 |a RU  |b 63413507  |c 20170810  |g RCR 
850 |a 63413507 
856 4 |u https://doi.org/10.1016/j.nimb.2017.03.122 
942 |c CF